| 000 | 00515nam a22001457a 4500 | ||
|---|---|---|---|
| 008 | 150904b xxu||||| |||| 00| 0 eng d | ||
| 020 | _a0809254174 | ||
| 050 |
_aHG1634 _b.M66 1984 |
||
| 245 |
_a Monthly interest amortization tables : _bcovering interest rates of 5% to 28.75%, loan amounts of $50 to $160,000, terms up to 40 years |
||
| 260 |
_a Chicago : _bContemporary Books, _c1984 |
||
| 300 |
_a283 p. ; _c21 cm |
||
| 650 |
_a Interest _xTables |
||
| 710 | _aContemporary Books, inc | ||
| 942 |
_2lcc _cBK |
||
| 999 |
_c45084 _d45084 |
||